Observaciones sobre el recurso de casacion en España / (Registro nro. 158629)

Detalles MARC
000 -LEADER
campo de control de longitud fija 00826nam a22001815i 4500
001 - NÚMERO DE CONTROL
campo de control 158629
003 - IDENTIFICADOR DE NÚMERO DE CONTROL
campo de control ES-MaACL
005 - FECHA Y HORA DE LA ÚLTIMA TRANSACCIÓN
campo de control 20240524063006.0
008 - DATOS DE LONGITUD FIJA--INFORMACIÓN GENERAL
campo de control de longitud fija 040901s1860 sp |||| | spa d
040 ## - FUENTE DE CATALOGACIÓN
Centro catalogador/agencia de origen CAM
Lengua de catalogación spa
Centro/agencia transcriptor CAM
100 1# - ENTRADA PRINCIPAL--NOMBRE DE PERSONA
Nombre de persona Manresa y Navarro, José María,
Fechas asociadas al nombre 1818-1905
9 (RLIN) 76090
245 10 - MENCIÓN DEL TÍTULO
Título Observaciones sobre el recurso de casacion en España /
Mención de responsabilidad, etc. por José María Manresa y Navarro; publicadas en la entrega de la Revista General de Legislacion y Jurisprudencia correspondiente al mes de abril de 1860.
260 ## - PUBLICACIÓN, DISTRIBUCIÓN, ETC.
Lugar de publicación, distribución, etc. Madrid :
Nombre del editor, distribuidor, etc. [s.n.],
Fecha de publicación, distribución, etc. 1860 (
Fabricante Imprenta de la Revista de Legislacion á cargo de Julian Morales)
300 ## - DESCRIPCIÓN FÍSICA
Extensión 40 p. ;
Dimensiones 24 cm.
650 #4 - PUNTO DE ACCESO ADICIONAL DE MATERIA--TÉRMINO DE MATERIA
Término de materia o nombre geográfico como elemento de entrada Casación civil-
Subdivisión geográfica España.
9 (RLIN) 149475
852 ## - LOCALIZACIÓN
Ubicación ES-MaACL
Número de control de estantería Fol-Laf-233
Nota libre -- Rust.
-- -- Legado M. de la Fuente
Existencias
Estatus retirado Estado de pérdida Estado de daño No para préstamo Colección Biblioteca de origen Biblioteca actual Ubicación en estantería Fecha de adquisición Fuente de adquisición Total de préstamos Signatura topográfica completa Código de barras Visto por última vez Precio de reemplazo Tipo de ítem Koha
        Colección de folletos Biblioteca del Ateneo de Madrid Biblioteca del Ateneo de Madrid Depósito folletos 17/01/2008     Fol-Laf-233 1166035 23/02/2023 23/02/2023 Folleto